[Event "Madrid"]
[Site "?"]
[Date "1995.??.??"]
[Round "?"]
[White "Salov, V."]
[Black "Yusupov, A."]
[Result "1/2-1/2"]
[WhiteElo "2715"]
[BlackElo "2660"]
[PlyCount "96"]
[EventDate "1995.??.??"]
[Source "ChessBase"]
[SourceDate "1995.02.01"]

1. c4 Nf6 2. Nc3 e6 3. e4 d5 4. e5 d4 5. exf6 dxc3 6. bxc3 Qxf6 7. d4 e5 8. Nf3 exd4 9. Bg5 Qe6+ 10. Be2 f6 11. Nxd4 Qf7 12. Bf4 Bc5 13. Nb3 Na6 14. Nxc5 Nxc5 15. Be3 Ne4 16. Bd3 f5 17. f3 Nf6 18. O-O O-O 19. Re1 Be6 20. Bd4 Rad8 21. c5 b6 22. Qe2 Rfe8 23. Bb5 Nd7 24. cxb6 axb6 25. a4 Bd5 26. Qb2 c6 27. Bf1 c5 28. Bf2 Bc4 29. Rxe8+ Rxe8 30. a5 bxa5 31. Rxa5 Bxf1 32. Kxf1 Qc4+ 33. Kg1 Rb8 34. Qa1 Qd3 35. Ra8 Rxa8 36. Qxa8+ Kf7 37. h3 Qxc3 38. Qd5+ Ke7 39. Qxf5 Qa1+ 40. Kh2 Qe5+ 41. Qxe5+ Nxe5 42. Bxc5+ Kf7 43. Bd4 Nc6 44. Bc3 h5 45. g4 hxg4 46. fxg4 Nd8 47. Kg3 Ne6 48. h4 g6 1/2-1/2

[Event "Madrid"]
[Site "?"]
[Date "1995.??.??"]
[Round "?"]
[White "Salov, Valery B"]
[Black "Jussupow, Artur M"]
[Result "1/2-1/2"]
[WhiteElo "2715"]
[BlackElo "2660"]
[PlyCount "91"]
[EventDate "1995.??.??"]
[Source "www.chesslib.no"]
[SourceDate "2004.05.04"]

1. c4 Nf6 2. Nc3 e6 3. e4 d5 4. e5 d4 5. exf6 dxc3 6. bxc3 Qxf6 7. d4 e5 8. Nf3 exd4 9. Bg5 Qe6+ 10. Be2 f6 11. Nxd4 Qf7 12. Bf4 Bc5 13. Nb3 Na6 14. Nxc5 Nxc5 15. Be3 Ne4 16. Bd3 f5 17. f3 Nf6 18. O-O O-O 19. Re1 Be6 20. Bd4 Rad8 21. c5 b6 22. Qe2 Rfe8 23. Bb5 Nd7 24. cxb6 axb6 25. a4 Bd5 26. Qb2 c6 27. Bf1 c5 28. Bf2 Bc4 29. Rxe8+ Rxe8 30. a5 Nb8 31. a6 Re5 32. g4 f4 33. Be1 Qd5 34. Qa3 Qf7 35. Bd2 b5 36. Qa5 Qh5 37. h3 Bd5 38. Rd1 g6 39. Be1 Nd7 40. Kf2 Bb3 41. Rd5 Ba4 42. a7 Rf5 43. Qc7 Bc2 44. a8=Q+ Rf8 45. Qxd7 Ba4 46. Qe6+ 1/2-1/2

[Event "3. Amplico AIG Life S/F"]
[Site "?"]
[Date "2003.12.21"]
[Round "1"]
[White "Ivanchuk Vassily"]
[Black "Aronian Levon"]
[Result "1-0"]
[WhiteElo "2710"]
[BlackElo "2649"]
[PlyCount "73"]
[EventDate "2003.??.??"]
[Source "www.chesslib.no"]
[SourceDate "2004.05.04"]

1. c4 Nf6 2. Nc3 e6 3. e4 d5 4. e5 Ne4 5. Nf3 Nc6 6. d4 Bb4 7. Qc2 f6 8. exf6 Qxf6 9. a3 Bxc3+ 10. bxc3 O-O 11. Bd3 Na5 12. O-O b6 13. Ne5 Qh4 14. a4 Ba6 15. Ba3 Rfe8 16. Rae1 Nd6 17. Bxd6 cxd6 18. cxd5 Bxd3 19. Nxd3 exd5 20. Nb4 Qh5 21. Re3 Rxe3 22. fxe3 Nc4 23. Qd3 Re8 24. Rf3 a5 25. Rh3 Qg6 26. Qxg6 hxg6 27. Nxd5 b5 28. axb5 a4 29. Rf3 a3 30. Rf1 Rb8 31. Rb1 Nd2 32. Ra1 Rxb5 33. Nb4 Ra5 34. Nc2 Nc4 35. e4 Kf7 36. Ra2 Rb5 37. Nxa3 1-0

[Event "olm"]
[Site "?"]
[Date "1996.??.??"]
[Round "12"]
[White "Gelfand Boris"]
[Black "Jussupow Artur"]
[Result "1/2-1/2"]
[WhiteElo "2700"]
[BlackElo "2655"]
[PlyCount "41"]
[EventDate "1996.??.??"]
[Source "www.chesslib.no"]
[SourceDate "2004.05.04"]

1. c4 Nf6 2. Nc3 e6 3. e4 d5 4. e5 d4 5. exf6 dxc3 6. bxc3 Qxf6 7. Nf3 e5 8. Bd3 Na6 9. O-O Bd6 10. Bc2 Bg4 11. d4 h6 12. Qe1 Bh5 13. Qxe5+ Qxe5 14. Rb1 Rd8 15. Be4 b6 16. dxe5 Ba3 17. Rb5 Bb4 18. Bf4 Bf8 19. Nd4 Rc8 20. Bd5 Bb4 21. Rd1 1/2-1/2

[Event "1st Samba Cup"]
[Site "Skanderborg"]
[Date "2003.10.14"]
[Round "5"]
[White "Ivanchuk, Vassily"]
[Black "Nielsen, Peter Heine"]
[Result "1-0"]
[WhiteElo "2710"]
[BlackElo "2626"]
[PlyCount "79"]
[EventDate "2003.10.10"]
[Source "Roberto Alvarez"]
[SourceDate "2003.10.20"]

1. c4 Nf6 2. Nc3 e6 3. e4 d5 4. e5 d4 5. exf6 dxc3 6. bxc3 Qxf6 7. Nf3 e5 8. d4 exd4 9. Bg5 Qe6+ 10. Be2 Be7 11. cxd4 Bxg5 12. Nxg5 Qe7 13. Qd2 Nc6 14. d5 Ne5 15. O-O O-O 16. Rfe1 Bf5 17. Qf4 Qf6 18. Nf3 Rfe8 19. Nh4 Ng6 20. Qxf5 Qxh4 21. Bf1 Qd4 22. Qd7 Rxe1 23. Rxe1 Qc5 24. h4 Kf8 25. Qf5 Kg8 26. h5 Nf8 27. Qg5 Qd6 28. g3 h6 29. Qe7 Nd7 30. Bh3 Nc5 31. Bf5 Rb8 32. Qe8+ Qf8 33. Qe7 Qxe7 34. Rxe7 Kf8 35. Rxc7 Na6 36. d6 Rd8 37. c5 b6 38. c6 Nb8 39. Be4 Rxd6 40. Rc8+ 1-0

[Event "4th ST Lee Cup, Beijing CHN"]
[Site "Beijing"]
[Date "1997.??.??"]
[Round "?"]
[White "Van Wely, L."]
[Black "Oll, L."]
[Result "1-0"]
[WhiteElo "2655"]
[BlackElo "2645"]
[PlyCount "109"]
[EventDate "1997.??.??"]
[Source "www.chesslib.no"]
[SourceDate "2004.05.04"]

1. c4 e6 2. Nc3 Nf6 3. e4 d5 4. e5 d4 5. exf6 dxc3 6. bxc3 Qxf6 7. Nf3 e5 8. Bd3 Na6 9. O-O Bd6 10. Re1 O-O 11. Nxe5 Nc5 12. Bc2 Bxe5 13. Qh5 Bxh2+ 14. Kxh2 Qd6+ 15. Qe5 Qxe5+ 16. Rxe5 Ne6 17. d4 Bd7 18. c5 Rfe8 19. Rb1 b6 20. Be4 Rad8 21. c6 Bc8 22. Bc2 Ba6 23. Bb3 Bd3 24. Rb2 g6 25. Bh6 Ng7 26. Bf4 Rxe5 27. Bxe5 Ne8 28. d5 b5 29. Rd2 Bc4 30. Bxc4 bxc4 31. g4 f6 32. Bg3 Kf7 33. Kg2 h6 34. Kf3 f5 35. gxf5 gxf5 36. Be5 Nf6 37. Bxf6 Kxf6 38. Kf4 h5 39. d6 cxd6 40. c7 Rc8 41. Rxd6+ Ke7 42. Rh6 Kd7 43. Rh7+ Kc6 44. Kxf5 Kb7 45. f4 Re8 46. Kg5 Re3 47. f5 Rxc3 48. f6 Rg3+ 49. Kh6 h4 50. f7 Rf3 51. Rh8 Kxc7 52. f8=Q Rxf8 53. Rxf8 Kd6 54. Kg5 Ke5 55. Kxh4 1-0

[Event "Muenchen"]
[Site "?"]
[Date "1993.??.??"]
[Round "?"]
[White "Lautier, J."]
[Black "Yusupov, A."]
[Result "1/2-1/2"]
[WhiteElo "2645"]
[BlackElo "2645"]
[PlyCount "99"]
[EventDate "1993.??.??"]
[Source "ChessBase"]
[SourceDate "1993.02.01"]

1. c4 Nf6 2. Nc3 e6 3. e4 d5 4. e5 d4 5. exf6 dxc3 6. bxc3 Qxf6 7. d4 e5 8. Nf3 exd4 9. Bg5 Qe6+ 10. Be2 f6 11. Nxd4 Qf7 12. Bf4 Bc5 13. O-O O-O 14. Qc2 Na6 15. Rab1 Rd8 16. Rfd1 c6 17. Rd3 Bf8 18. Rg3 Nc5 19. Rd1 Re8 20. Nb3 Be6 21. Rd4 Bf5 22. Qxf5 Rxe2 23. Bd2 Rae8 24. Re3 Re5 25. Qg4 R2xe3 26. Bxe3 Ne6 27. Rd3 f5 28. Qd1 f4 29. Bxa7 Ng5 30. Bb8 Re8 31. Rd8 f3 32. Rxe8 Qxe8 33. Bf4 Ne6 34. Be3 fxg2 35. Qg4 Qf7 36. Kxg2 h5 37. Qe4 Bd6 38. h3 g6 39. Qf3 Bc7 40. Nd2 Ng7 41. Qe4 Qe6 42. Qxe6+ Nxe6 43. Kf3 Be5 44. Ne4 Kf7 45. Ke2 Ke7 46. Kd3 Bc7 47. Nd2 Kf6 48. Nf3 Be5 49. a4 g5 50. Bd4 1/2-1/2

[Event "Geza Maroczy GM, Szeged HUN"]
[Site "Szeged"]
[Date "1997.??.??"]
[Round "?"]
[White "Miles, A."]
[Black "Oll, L."]
[Result "1/2-1/2"]
[WhiteElo "2595"]
[BlackElo "2645"]
[PlyCount "50"]
[EventDate "1997.??.??"]
[Source "www.chesslib.no"]
[SourceDate "2004.05.04"]

1. c4 Nf6 2. Nc3 e6 3. e4 d5 4. e5 d4 5. exf6 dxc3 6. bxc3 Qxf6 7. Nf3 e5 8. Bd3 Na6 9. O-O Bd6 10. Re1 O-O 11. Qc2 Kh8 12. Be4 Nc5 13. d4 Nxe4 14. Qxe4 exd4 15. cxd4 c6 16. Bg5 Qf5 17. Qxf5 Bxf5 18. Be7 Bxe7 19. Rxe7 Rab8 20. Ne5 Kg8 21. g4 Be6 22. Rb1 Rbd8 23. Rbxb7 Rxd4 24. h3 a5 25. Ra7 Bxc4 1/2-1/2

[Event "Ch France (team) 2007"]
[Site "France"]
[Date "2007.05.31"]
[Round "8"]
[White "Naiditsch Arkadij (GER)"]
[Black "Schlosser Philipp (GER)"]
[Result "1/2-1/2"]
[WhiteElo "2654"]
[BlackElo "2565"]
[PlyCount "53"]
[EventDate "2007.??.??"]
[Source "www.chesslib.no"]
[SourceDate "2004.05.04"]

1. c4 Nf6 2. Nc3 e6 3. e4 d5 4. e5 d4 5. exf6 dxc3 6. bxc3 Qxf6 7. Nf3 b6 8. d4 Bb7 9. Be2 Bd6 10. Rb1 Qg6 11. Rb5 c5 12. Ba3 O-O 13. dxc5 Be7 14. O-O Rd8 15. Qb3 Bf6 16. cxb6 axb6 17. Rxb6 Be4 18. Bd6 Nc6 19. c5 Bd5 20. Qb1 Bxc3 21. Qxg6 hxg6 22. Bb5 Na7 23. a4 Nc8 24. Bc7 Nxb6 25. cxb6 Ba5 26. Ne5 Rdc8 27. Nd3 1/2-1/2

[Event "Munich"]
[Site "Munich"]
[Date "1991.??.??"]
[Round "4"]
[White "Huebner, Robert"]
[Black "Christiansen, Larry Mark"]
[Result "1/2-1/2"]
[WhiteElo "2620"]
[BlackElo "2590"]
[PlyCount "81"]
[EventDate "1991.05.??"]
[Source "ChessBase"]

1. c4 Nf6 2. Nc3 e6 3. e4 d5 4. e5 Ne4 5. cxd5 exd5 6. Nxe4 dxe4 7. Qa4+ Nc6 8. Qxe4 Qd4 9. Bd3 Qxe4+ 10. Bxe4 Nxe5 11. Nf3 Nxf3+ 12. Bxf3 Bc5 13. d3 O-O 14. Be3 Re8 15. Kd2 Bd6 16. Kc2 c6 17. Rad1 a5 18. h3 Be6 19. Kb1 a4 20. g4 Ra5 21. Rhe1 Rb5 22. Bd4 Rd8 23. Bc3 Bb4 24. Re5 Rxe5 25. Bxe5 Bc5 26. Rd2 Bd4 27. Bf4 f6 28. Bd1 b5 29. Bf3 Bd5 30. Bxd5+ Rxd5 31. Rc2 c5 32. Kc1 Kf7 33. b3 a3 34. Kd1 Rd7 35. Bc1 b4 36. Ke2 Rd5 37. Rc4 Ke6 38. Be3 Kd6 39. Bxd4 Rxd4 40. Rxd4+ cxd4 41. f4 1/2-1/2

[Event "It, Polanica Zdroj POL"]
[Site "Polanica Zdroj"]
[Date "1996.??.??"]
[Round "?"]
[White "Gulko, B."]
[Black "Huebner, R."]
[Result "1-0"]
[WhiteElo "2615"]
[BlackElo "2595"]
[PlyCount "79"]
[EventDate "1996.??.??"]
[Source "www.chesslib.no"]
[SourceDate "2004.05.04"]

1. c4 Nf6 2. Nc3 e6 3. e4 d5 4. e5 d4 5. exf6 dxc3 6. bxc3 Qxf6 7. d4 b6 8. Be2 Bb7 9. Bf3 Bxf3 10. Nxf3 Bd6 11. Qa4+ c6 12. O-O O-O 13. Rb1 Bc7 14. Re1 Rc8 15. Ba3 Nd7 16. Rbd1 a6 17. d5 b5 18. Qc2 cxd5 19. cxd5 exd5 20. Rxd5 Qc6 21. Rdd1 Re8 22. Nd4 Qf6 23. Nf5 Re5 24. Ne7+ Kh8 25. c4 Rxe1+ 26. Rxe1 Qh4 27. g3 Qxc4 28. Qf5 Qc3 29. Re3 Qa1+ 30. Kg2 Nf6 31. Qc5 Ba5 32. Nc8 h6 33. Qc6 Rb8 34. Bd6 Rxc8 35. Qxc8+ Kh7 36. Qf5+ Kg8 37. Be5 Qxa2 38. Bxf6 gxf6 39. Re8+ Kg7 40. Qg4+ 1-0

[Event "III Arrows Cup"]
[Site "Ji Nan"]
[Date "2003.09.17"]
[Round "1"]
[White "Bareev, Evgeny"]
[Black "Zhao Xue"]
[Result "1-0"]
[WhiteElo "2721"]
[BlackElo "2467"]
[PlyCount "149"]
[EventDate "2003.09.17"]
[Source "Roberto Alvarez"]
[SourceDate "2003.09.22"]

1. c4 Nf6 2. Nc3 e6 3. e4 d5 4. e5 d4 5. exf6 dxc3 6. bxc3 Qxf6 7. Nf3 e5 8. Bd3 Bd6 9. O-O Nc6 10. Rb1 O-O 11. Qc2 Kh8 12. Be4 Na5 13. Qa4 Bf5 14. Bxf5 Qxf5 15. Rb5 b6 16. c5 Be7 17. cxb6 axb6 18. Rxe5 Qf6 19. Qc2 Bd6 20. Re2 Rfe8 21. Rfe1 Rxe2 22. Rxe2 h6 23. d4 Qd8 24. c4 Kg8 25. Qa4 Bf8 26. Bf4 c5 27. d5 Qf6 28. Be5 Qf5 29. Qc2 Qd7 30. h3 b5 31. cxb5 Qxb5 32. Re4 Rd8 33. Qa4 Qb6 34. Bc3 Nb7 35. Qc6 Qxc6 36. dxc6 Nd6 37. Ra4 Rc8 38. Ra6 f6 39. Nd2 Kf7 40. Nb3 Nc4 41. Na5 Nxa5 42. Bxa5 Ke6 43. Kf1 Kd5 44. c7 Bd6 45. Ra7 Re8 46. a4 g5 47. g4 Kc6 48. Bc3 Bxc7 49. Ra6+ Kd5 50. Rxf6 Kc4 51. Bd2 Kd3 52. Be3 Be5 53. Rxh6 c4 54. Bxg5 c3 55. a5 c2 56. a6 Rf8 57. a7 Bd4 58. Rd6 Rxf2+ 59. Kg1 Rf8+ 60. Kg2 Kc4 61. Ra6 Ra8 62. Ra4+ Kd3 63. Ra3+ Ke2 64. Ra2 Kd3 65. Bc1 Rxa7 66. Rxa7 Bxa7 67. Kf3 Bc5 68. g5 Bb4 69. g6 Bd2 70. g7 Bxc1 71. g8=Q Bd2 72. Qb3+ Bc3 73. Qb5+ Kd2 74. Qd5+ Ke1 75. Qd3 1-0

[Event "Moscow RUS"]
[Site "?"]
[Date "2005.02.20"]
[Round "6"]
[White "Ghaem Maghami Ehsan"]
[Black "Azarov Sergei"]
[Result "1/2-1/2"]
[WhiteElo "2623"]
[BlackElo "2565"]
[PlyCount "31"]
[EventDate "2005.??.??"]
[Source "www.chesslib.no"]
[SourceDate "2004.05.04"]

1. c4 Nf6 2. Nc3 e6 3. e4 d5 4. e5 d4 5. exf6 dxc3 6. bxc3 Qxf6 7. d4 c5 8. Nf3 cxd4 9. Bg5 Qf5 10. cxd4 Bb4+ 11. Bd2 Nc6 12. Be2 Qa5 13. Rb1 Bxd2+ 14. Qxd2 Ke7 15. Qxa5 Nxa5 16. c5 1/2-1/2

[Event "Esbjerg"]
[Site "?"]
[Date "2000.??.??"]
[Round "?"]
[White "Hansen, Cu"]
[Black "Nielsen, Pet"]
[Result "1/2-1/2"]
[WhiteElo "2610"]
[BlackElo "2575"]
[PlyCount "39"]
[EventDate "2000.??.??"]
[Source "Chess Informant"]
[SourceDate "2000.06.01"]

1. c4 Nf6 2. Nc3 e6 3. e4 d5 4. e5 d4 5. exf6 dxc3 6. bxc3 Qxf6 7. d4 e5 8. Nf3 exd4 9. Bg5 Qe6+ 10. Be2 Be7 11. cxd4 Bxg5 12. Nxg5 Qe7 13. Qd2 Nc6 14. d5 Ne5 15. O-O O-O 16. f4 Nd7 17. Bd3 Nf6 18. Rae1 Qc5+ 19. Qf2 Qxf2+ 20. Kxf2 1/2-1/2

[Event "Mind Sports Games - Blitz Pair"]
[Site "Pechino CINA"]
[Date "2008.10.08"]
[Round "1"]
[White "Reinderman, D."]
[Black "Nyback, T."]
[Result "1/2-1/2"]
[WhiteElo "2543"]
[BlackElo "2634"]
[PlyCount "106"]
[EventDate "2008.10.08"]
[Source "www.chesslib.no"]
[SourceDate "2004.05.04"]

1. c4 Nf6 2. Nc3 e6 3. e4 d5 4. e5 d4 5. exf6 dxc3 6. bxc3 Qxf6 7. Nf3 e5 8. d4 Nc6 9. Bg5 Qg6 10. dxe5 Bg4 11. Be3 Be7 12. h3 Bf5 13. Nd4 Rd8 14. Be2 Nxe5 15. g4 Be4 16. f3 Bd3 17. O-O O-O 18. f4 Bxe2 19. Qxe2 Qd3 20. fxe5 Rxd4 21. Qxd3 Rxd3 22. Bd4 c5 23. Bf2 Rxc3 24. Rfd1 b6 25. Rd7 Bg5 26. Rxa7 Rxc4 27. Rb1 Bf4 28. Rxb6 Bxe5 29. a4 Rc1+ 30. Kg2 Rc2 31. Kf3 c4 32. a5 Rxf2+ 33. Kxf2 Bd4+ 34. Ke2 h6 35. Rc7 Bxb6 36. axb6 Rb8 37. b7 Kh7 38. Rxf7 Kg6 39. Rc7 Kf6 40. Kd2 g5 41. Kc3 Ke5 42. Kxc4 Kf4 43. Kc5 Kg3 44. Rh7 Kxh3 45. Rxh6+ Kxg4 46. Kc6 Kf3 47. Kc7 Rxb7+ 48. Kxb7 g4 49. Kc6 g3 50. Kd5 g2 51. Rg6 Kf2 52. Ke4 g1=Q 53. Rxg1 Kxg1 1/2-1/2

[Event "Biel"]
[Site "Biel"]
[Date "1991.??.??"]
[Round "7"]
[White "Lautier, Joel"]
[Black "Christiansen, Larry Mark"]
[Result "1-0"]
[WhiteElo "2560"]
[BlackElo "2600"]
[PlyCount "93"]
[EventDate "1991.07.??"]
[Source "ChessBase"]

1. c4 Nf6 2. Nc3 e6 3. e4 d5 4. e5 Ne4 5. Nf3 Be7 6. d4 O-O 7. Bd3 Nxc3 8. bxc3 dxc4 9. Bxc4 c5 10. O-O cxd4 11. cxd4 Nc6 12. Be3 b6 13. Rc1 Na5 14. Bd3 Bb7 15. Nd2 Qd7 16. Qg4 f5 17. exf6 Bxf6 18. Ne4 Bxe4 19. Bxe4 Rad8 20. Rfd1 Qf7 21. Qf3 Kh8 22. d5 exd5 23. Rxd5 Rxd5 24. Bxd5 Qd7 25. Be4 Qe7 26. Bd3 Rd8 27. Bb1 g6 28. g3 Nb7 29. h4 Nc5 30. h5 gxh5 31. Qxh5 Rg8 32. Rd1 Ne4 33. Bxe4 Qxe4 34. Rd6 Bg7 35. Rd7 a5 36. Kh2 Qc6 37. Qf7 Qe4 38. Rb7 Be5 39. Re7 Qh4+ 40. Kg2 Bxg3 41. Re8 Qh2+ 42. Kf3 Qh1+ 43. Ke2 Rxe8 44. Qxe8+ Kg7 45. Bd4+ Kh6 46. Qe6+ Kg5 47. Bf6+ 1-0

[Event "Nijmegen rap"]
[Site "Nijmegen NED"]
[Date "1978.??.??"]
[Round "2"]
[White "Timman, Jan H"]
[Black "Sosonko, Gennadi P"]
[Result "0-1"]
[WhiteElo "2585"]
[BlackElo "2575"]
[PlyCount "76"]
[EventDate "1978.??.??"]
[Source "www.chesslib.no"]
[SourceDate "2004.05.04"]

1. c4 Nf6 2. Nc3 e6 3. e4 d5 4. e5 d4 5. exf6 dxc3 6. bxc3 Qxf6 7. Nf3 e5 8. Qe2 Nc6 9. d4 Bg4 10. dxe5 Bxf3 11. exf6+ Bxe2 12. Bxe2 gxf6 13. Be3 O-O-O 14. Rb1 f5 15. O-O Bg7 16. Rb3 Rhe8 17. g3 Bh6 18. Bxh6 Rxe2 19. Rb5 Ne5 20. Bf4 f6 21. Rfb1 b6 22. c5 c6 23. R5b2 Rxb2 24. Rxb2 Nd3 25. Re2 Nxc5 26. Re7 Rd7 27. Re8+ Kb7 28. Kg2 b5 29. Rb8+ Ka6 30. Rc8 Kb6 31. Be3 Kb7 32. Rf8 Ne4 33. Kf3 Nxc3 34. Rxf6 Nxa2 35. Rxf5 b4 36. Bg5 b3 37. Bf6 Rf7 38. Ke4 Rxf6 0-1

[Event "Sarajevo"]
[Site "?"]
[Date "1984.??.??"]
[Round "?"]
[White "Romanishin"]
[Black "Yusupov"]
[Result "1-0"]
[WhiteElo "2580"]
[BlackElo "2570"]
[PlyCount "83"]
[EventDate "1984.??.??"]
[Source "www.chesslib.no"]
[SourceDate "2004.05.04"]

1. c4 Nf6 2. Nc3 e6 3. e4 d5 4. e5 d4 5. exf6 dxc3 6. bxc3 Qxf6 7. d4 c5 8. Nf3 cxd4 9. Bg5 Qf5 10. cxd4 Bb4+ 11. Bd2 Nc6 12. Bxb4 Nxb4 13. Rb1 Nc6 14. Bd3 Qa5+ 15. Qd2 O-O 16. Be4 Rd8 17. Bxc6 Qxd2+ 18. Kxd2 bxc6 19. Kc3 f6 20. Rhe1 Kf7 21. Nd2 c5 22. dxc5 Rd7 23. Ne4 Ke7 24. f4 Rc7 25. Kd4 Ba6 26. Rb3 Rd8+ 27. Kc3 Bb7 28. Ra3 Bxe4 29. Rxe4 Rxc5 30. Rxa7+ Rd7 31. Rxd7+ Kxd7 32. a4 h5 33. Rd4+ Kc7 34. Kb4 Rf5 35. a5 g5 36. fxg5 Rxg5 37. Rd2 Kc6 38. a6 Rg7 39. Re2 e5 40. Rf2 Rf7 41. c5 e4 42. Kc4 1-0

[Event "Monarch Assurance"]
[Site "Port Erin"]
[Date "2004.09.28"]
[Round "4.3"]
[White "Ghaem Maghami, Ehsan"]
[Black "Kulaots, Kaido"]
[Result "1/2-1/2"]
[WhiteElo "2552"]
[BlackElo "2593"]
[PlyCount "31"]
[EventDate "2004.09.25"]
[Source "Roberto Alvarez"]
[SourceDate "2004.10.05"]

1. c4 Nf6 2. Nc3 e6 3. e4 d5 4. e5 d4 5. exf6 dxc3 6. bxc3 Qxf6 7. d4 c5 8. Nf3 cxd4 9. Bg5 Qf5 10. cxd4 Nc6 11. c5 Be7 12. Be3 O-O 13. Bd3 Qd5 14. Qb1 f5 15. O-O b6 16. Qb3 1/2-1/2

[Event "Biel (open)"]
[Site "?"]
[Date "2004.??.??"]
[Round "?"]
[White "Shariyazdanov, A."]
[Black "Riazantsev, A."]
[Result "1-0"]
[WhiteElo "2570"]
[BlackElo "2570"]
[PlyCount "65"]
[EventDate "2004.??.??"]
[Source "Chess Informant"]
[SourceDate "2004.06.01"]

1. c4 Nf6 2. Nc3 e6 3. e4 d5 4. e5 d4 5. exf6 dxc3 6. bxc3 Qxf6 7. Nf3 e5 8. d4 exd4 9. Bg5 Qe6+ 10. Be2 f6 11. Nxd4 Qf7 12. Bh6 g6 13. Qd2 Na6 14. O-O Bxh6 15. Qxh6 Bd7 16. Bf3 O-O-O 17. Rfb1 c6 18. Qc1 Rhe8 19. Qb2 Bf5 20. Nxf5 gxf5 21. Bh5 Qe7 22. Bxe8 Rxe8 23. Qd2 Nc5 24. Re1 Ne4 25. Qe3 Qa3 26. f3 Nd6 27. Qd4 Rd8 28. Rad1 Qxa2 29. c5 Nf7 30. Qxf6 Rg8 31. Qxf5+ Kb8 32. Qf4+ Kc8 33. Rd2 1-0

[Event "56. ch-RUS"]
[Site "?"]
[Date "2003.09.05"]
[Round "3"]
[White "Kharlov Andrei"]
[Black "Belozerov Andrei"]
[Result "1/2-1/2"]
[WhiteElo "2591"]
[BlackElo "2541"]
[PlyCount "27"]
[EventDate "2003.??.??"]
[Source "www.chesslib.no"]
[SourceDate "2004.05.04"]

1. c4 Nf6 2. Nc3 e6 3. e4 d5 4. e5 d4 5. exf6 dxc3 6. bxc3 Qxf6 7. Nf3 c5 8. Bd3 Bd7 9. Be4 Bc6 10. Qe2 Bxe4 11. Qxe4 Nc6 12. Rb1 O-O-O 13. d4 Qg6 14. Qxg6 1/2-1/2

[Event "Reykjavik Open"]
[Site "Reykjavik ISL"]
[Date "1986.??.??"]
[Round "6"]
[White "Seirawan, Yasser"]
[Black "Salov, Valery B"]
[Result "0-1"]
[WhiteElo "2605"]
[BlackElo "2525"]
[PlyCount "116"]
[EventDate "1986.02.??"]
[Source "www.chesslib.no"]
[SourceDate "2004.05.04"]

1. c4 Nf6 2. Nc3 e6 3. e4 d5 4. e5 Ne4 5. Nf3 c5 6. cxd5 Nxc3 7. dxc3 exd5 8. Bg5 Be7 9. Bb5+ Nc6 10. Bxe7 Kxe7 11. Qa4 Be6 12. O-O Qb6 13. Qh4+ Kd7 14. c4 Rad8 15. Rac1 Kc8 16. Bxc6 Qxc6 17. Nd4 Qb6 18. Nxe6 Qxe6 19. cxd5 Rxd5 20. b4 Rxe5 21. bxc5 Re4 22. Qg3 Rg4 23. Qa3 Qc6 24. Qh3 f5 25. f3 Rg5 26. Rfd1 Re8 27. Qh4 h6 28. Qd4 Rg6 29. Qf4 Rf6 30. Rd6 Qc7 31. h4 Kb8 32. h5 Rc8 33. Rcd1 Qxc5+ 34. Kh2 Rxd6 35. Rxd6 Qc7 36. Kg3 b6 37. Rg6 Kb7 38. Qxc7+ Rxc7 39. Kf4 Rf7 40. Ke5 b5 41. Ke6 Rc7 42. Kxf5 a5 43. Rg4 Kb6 44. Kg6 b4 45. f4 a4 46. f5 Kb5 47. f6 gxf6 48. Kxh6 Rc2 49. Kg6 Rxa2 50. h6 Rc2 51. h7 Rc8 52. Kxf6 a3 53. Rg8 a2 54. Rxc8 a1=Q+ 55. Kf7 Qf1+ 56. Kg8 Qxg2+ 57. Kh8 Qf3 58. Rb8+ Ka6 0-1

[Event "Open"]
[Site "Santo Domingo"]
[Date "2003.11.30"]
[Round "5"]
[White "Bruzon Bautista, Lazaro"]
[Black "Zarnicki, Pablo"]
[Result "1/2-1/2"]
[WhiteElo "2603"]
[BlackElo "2513"]
[PlyCount "54"]
[EventDate "2003.11.27"]
[Source "Roberto Alvarez"]
[SourceDate "2003.12.08"]

1. c4 Nf6 2. Nc3 e6 3. e4 d5 4. e5 d4 5. exf6 dxc3 6. bxc3 Qxf6 7. Nf3 e5 8. d4 exd4 9. Bg5 Qe6+ 10. Be2 Be7 11. cxd4 Bxg5 12. Nxg5 Qe7 13. Qd2 Nc6 14. d5 Ne5 15. O-O O-O 16. Rfe1 Bf5 17. Qf4 Qf6 18. Nf3 Rfe8 19. Nh4 Ng6 20. Qxf5 Qxh4 21. Bf1 b6 22. g3 Qd8 23. h4 Qd6 24. h5 Nf8 25. Bh3 Re7 26. h6 g6 27. Qg5 Rae8 1/2-1/2

[Event "Trelew Clarin-GP"]
[Site "Trelew"]
[Date "1995.??.??"]
[Round "5"]
[White "Ricardi, Pablo"]
[Black "Zarnicki, Pablo"]
[Result "1/2-1/2"]
[WhiteElo "2545"]
[BlackElo "2570"]
[PlyCount "62"]
[EventDate "1995.??.??"]
[Source "www.chesslib.no"]
[SourceDate "2004.05.04"]

1. c4 Nf6 2. Nc3 e6 3. e4 d5 4. e5 d4 5. exf6 dxc3 6. bxc3 Qxf6 7. d4 e5 8. Nf3 exd4 9. cxd4 Bb4+ 10. Bd2 Bxd2+ 11. Qxd2 O-O 12. Be2 c5 13. O-O cxd4 14. Qxd4 Qxd4 15. Nxd4 Bd7 16. Rfd1 Nc6 17. Bf3 Rad8 18. Nb5 Be6 19. c5 Rxd1+ 20. Rxd1 Bxa2 21. h3 Rd8 22. Nd6 Rd7 23. Rd2 Be6 24. Rb2 Kf8 25. Nxb7 Bd5 26. Rd2 Rxb7 27. Rxd5 Rc7 28. Be4 Ke7 29. Rd1 Ne5 30. Ra1 Nd7 31. c6 Nb8 1/2-1/2

[Event "Cannes mT"]
[Site "Cannes"]
[Date "1996.??.??"]
[Round "4"]
[White "Kortschnoj, Viktor"]
[Black "Lepelletier, Benoit"]
[Result "1-0"]
[WhiteElo "2645"]
[BlackElo "2470"]
[PlyCount "43"]
[EventDate "1996.02.??"]
[Source "ChessBase"]

1. c4 Nf6 2. Nc3 e6 3. e4 d5 4. e5 d4 5. exf6 dxc3 6. bxc3 Qxf6 7. Nf3 e5 8. Bd3 Bd6 9. O-O Nc6 10. Re1 O-O 11. Qc2 h6 12. Be4 Bd7 13. Bb2 Na5 14. c5 Bxc5 15. d4 exd4 16. cxd4 Bb6 17. d5 Qf4 18. Be5 Qg4 19. Bh7+ Kh8 20. Re4 Qxf3 21. gxf3 Kxh7 22. Bc3 1-0

[Event "Bad Kissingen"]
[Site "Bad Kissingen"]
[Date "1980.??.??"]
[Round "?"]
[White "Huebner, Robert"]
[Black "Unzicker, Wolfgang"]
[Result "1/2-1/2"]
[WhiteElo "2600"]
[BlackElo "2510"]
[PlyCount "75"]
[EventDate "1980.01.??"]
[Source "ChessBase"]

1. c4 Nf6 2. Nc3 e6 3. e4 d5 4. e5 d4 5. exf6 dxc3 6. bxc3 Qxf6 7. d4 b6 8. Nf3 Bb7 9. Bd3 h6 10. Qe2 Bd6 11. Be4 Bxe4 12. Qxe4 c6 13. O-O O-O 14. a4 Rc8 15. a5 bxa5 16. Rxa5 Qd8 17. Ra4 Nd7 18. c5 Bc7 19. Bd2 e5 20. Qf5 Qe7 21. Re1 Qe6 22. Qxe6 fxe6 23. Ra6 Nb8 24. Ra2 Nd7 25. Kf1 a5 26. Nxe5 Bxe5 27. dxe5 Nxc5 28. Be3 Nd3 29. Rea1 Nxe5 30. Rxa5 Rxa5 31. Rxa5 Nc4 32. Ra7 Nxe3+ 33. fxe3 Rf8+ 34. Ke2 Rf5 35. c4 Rh5 36. h3 Rg5 37. g4 h5 38. gxh5 1/2-1/2

[Event "Beer Sheva-Peterburg Kings m, St Peters"]
[Site "Beer Sheva"]
[Date "1999.??.??"]
[Round "?"]
[White "Huzman, A."]
[Black "Ivanov, Se"]
[Result "1/2-1/2"]
[WhiteElo "2575"]
[BlackElo "2525"]
[PlyCount "29"]
[EventDate "1999.??.??"]
[Source "www.chesslib.no"]
[SourceDate "2004.05.04"]

1. c4 Nf6 2. Nc3 e6 3. e4 d5 4. e5 d4 5. exf6 dxc3 6. bxc3 Qxf6 7. Nf3 e5 8. Bd3 Na6 9. O-O Bd6 10. Bc2 Bg4 11. d4 Bxf3 12. Qxf3 Qxf3 13. gxf3 exd4 14. Re1+ Kd8 15. cxd4 1/2-1/2

[Event "Sao Paulo"]
[Site "Sao Paulo"]
[Date "1977.??.??"]
[Round "10"]
[White "Miles, Anthony J"]
[Black "Vaganian, Rafael A"]
[Result "1/2-1/2"]
[WhiteElo "2555"]
[BlackElo "2545"]
[PlyCount "23"]
[EventDate "1977.05.??"]
[Source "www.chesslib.no"]
[SourceDate "2004.05.04"]

1. c4 Nf6 2. Nc3 e6 3. e4 d5 4. e5 Ne4 5. Nf3 Nc6 6. d4 Bb4 7. Qc2 f6 8. a3 Bxc3+ 9. bxc3 fxe5 10. dxe5 O-O 11. Bd3 Qe8 12. Bxe4 1/2-1/2